000 00349nam a2200157Ia 4500
003 Ost
005 20260225132540.0
008 260225s9999||||xx |||||||||||||| ||und||
040 _cfsic
041 _afre
082 _a327
100 _aEric costel
_eAuteur
245 0 _aGéopolitique contemporaine /
245 0 _cEric costel
942 _cكتاب
999 _c33480
_d33480